Yüklüyor......
Wireless Application Protocol: Writing Applications for the Mobile Internet
| Yazar: | |
|---|---|
| Materyal Türü: | Printed Book |
| Dil: | English |
| Baskı/Yayın Bilgisi: |
Delhi
Pearson
2009
|
| LEADER | 00550nam a2200169 a 4500 | ||
|---|---|---|---|
| 005 | 20160322165139.0 | ||
| 008 | 960221s1955 dcuabcdjdbkoqu001 0deng d | ||
| 020 | |a 9788131701287 | ||
| 041 | |a eng | ||
| 082 | |a 621.39 SIN | ||
| 100 | |a Singhal, Sandeep |9 1417 | ||
| 245 | |a Wireless Application Protocol: Writing Applications for the Mobile Internet | ||
| 260 | |a Delhi |b Pearson |c 2009 | ||
| 300 | |a 698 | ||
| 942 | |c BK |6 _ | ||
| 999 | |c 154939 |d 154939 | ||
| 952 | |0 0 |1 0 |4 0 |6 62139_SIN |7 0 |9 202821 |a DCS |b DCS |c GEN |d 2013-09-07 |o 621.39 SIN |p MCS04840 |r 2013-09-07 |w 2016-03-22 |y BK | ||